000 00346nam a2200145Ia 4500
008 230917s9999||||xx |||||||||||||| ||und||
040 _e36341
_aMAIN
041 _aEnglish
082 _a658.3 M422O
100 _aMathew, M J
245 0 _aOrganization theory and behaviour
260 _aJaipur
_bR B S A
_c1993
300 _a256 p.
942 _cBK
999 _c75848
_d75848